Cities Of Kerala : Actually Small Towns (Record no. 18789)

MARC details
000 -LEADER
fixed length control field 00349nam a2200133Ia 4500
008 - FIXED-LENGTH DATA ELEMENTS--GENERAL INFORMATION
fixed length control field 220803s9999 xx 000 0 und d
020 ## - INTERNATIONAL STANDARD BOOK NUMBER
International Standard Book Number 9788185026848
041 ## - LANGUAGE CODE
Language code of text/sound track or separate title eng
082 ## - DEWEY DECIMAL CLASSIFICATION NUMBER
Classification number 722.954 NAT
100 ## - MAIN ENTRY--PERSONAL NAME
Personal name Natarajan B Ed.
9 (RLIN) 29949
245 ## - TITLE STATEMENT
Title Cities Of Kerala : Actually Small Towns
260 ## - PUBLICATION, DISTRIBUTION, ETC. (IMPRINT)
Place of publication, distribution, etc. Mumbai
Name of publisher, distributor, etc. Marg Publication
Date of publication, distribution, etc. 2008
300 ## - PHYSICAL DESCRIPTION
Extent 160p
Holdings
Withdrawn status Lost status Damaged status Not for loan Home library Current library Date acquired Vendor Total Checkouts Total Renewals Full call number Barcode Date last seen Date last checked out Bill Date Koha item type Original Barcode
        Dr. Bhanuben Nanavati College of Architecture Dr. Bhanuben Nanavati College of Architecture 25/01/2017 Marg Publication 1 1 722.954 NAT BNCA-DB-1513 16/01/2025 03/01/2025 03/08/2022 Donated Book DB001513